|
|
|
|
| LEADER |
00000nam0a2200000 4500 |
| 001 |
678810 |
| 005 |
20250306143820.0 |
| 090 |
|
|
|a 678810
|
| 100 |
|
|
|a 20250224d1863 k||y0rusy50 ba
|
| 101 |
0 |
|
|a fre
|
| 102 |
|
|
|a FR
|
| 105 |
|
|
|a y z 000yy
|
| 181 |
|
0 |
|a i
|b e
|
| 182 |
|
0 |
|a n
|
| 183 |
|
0 |
|a nc
|2 RDAcarrier
|
| 200 |
1 |
|
|a Rapport sur le Percement du Grand Tunnel des Alpes
|e extrait des Annales des ponts et chaussees, 1 semestre 1863
|f M. Conte
|
| 203 |
|
|
|a Текст
|b визуальный
|c непосредственный
|
| 210 |
|
|
|a Paris
|c Dunod
|d 1863
|
| 215 |
|
|
|a [4], 51 p.
|c il.+4 pl.
|
| 283 |
|
|
|a volume
|2 RDAcarrier
|
| 300 |
|
|
|a В описании используется грамматика 19 века
|
| 316 |
|
|
|5 63413507: 8986
|a На обложке владельческая подпись: "Романовский"
|
| 317 |
|
|
|5 63413507: 8986
|a Приобретен ТТИ в 1908 г. для Горного отделения В. А. Обручевым и Л. Л. Тове из библиотеки профессора Горного института Г. Д. Романовского
|
| 541 |
1 |
|
|a Отчет о бурении Большого Альпийского туннеля
|z rus
|
| 606 |
|
|
|a Туннели
|x Постройка
|9 79188
|
| 610 |
1 |
|
|a строительство
|
| 610 |
1 |
|
|a проектирование
|
| 610 |
1 |
|
|a бурение
|
| 610 |
1 |
|
|a оборудование
|
| 610 |
1 |
|
|a станки
|
| 610 |
1 |
|
|a владельческие подписи
|
| 610 |
1 |
|
|a Библиотека Г. Д. Романовского
|
| 610 |
1 |
|
|a французский язык
|
| 675 |
|
|
|a 624.191
|v 4
|
| 700 |
|
1 |
|a Conte
|b M.
|
| 801 |
|
0 |
|a RU
|b 63413507
|c 20250224
|
| 830 |
|
|
|a Ретро2025Каталогизация Кузнецова
|
| 850 |
|
|
|a 63413507
|
| 942 |
|
|
|c BK
|